| 000 | 00488cam a2200193ua 4500 | ||
|---|---|---|---|
| 020 | _c92.00 | ||
| 041 |
_aeng _h |
||
| 082 |
_a551.5 _bMID/ME |
||
| 100 | _aMiddleton, Knowles W E . | ||
| 245 |
_aMetereological instruments / _cW E Knowles Middleton. _hTextual Documents |
||
| 260 |
_a : _bUniversity of Toronto Press , _c1960. |
||
| 300 | _a286 ; . | ||
| 365 | _a92.00 | ||
| 500 | _a**Reference | ||
| 504 | _a | ||
| 942 | _cBK | ||
| 999 |
_c7078 _d7078 |
||